000 00520nam a22001937a 4500
003 OSt
005 20240625120753.0
008 240625b |||||||| |||| 00| 0 eng d
020 _a1412909767
040 _cDDC
082 _a338.04 MOR 2006
100 _4Morse, Eric A.; Mitchell, Ronald K.
245 _aCases In Entrepreneurship
260 _aThousand Oaks;
_bSage publication,
_c2006
300 _axvi,427p; ill: 23cm
500 _aReferences included
650 _aEntrepreneurship
_96831
942 _2ddc
_cO_SHELF
999 _c8809
_d8809